| 000 | 00486nam a22001577a 4500 | ||
|---|---|---|---|
| 005 | 20240117084332.0 | ||
| 008 | 231107b |||||||| |||| 00| 0 eng d | ||
| 041 | _aEnglish | ||
| 082 | _a346.43 COU | ||
| 100 |
_aCourt, KF _lEnglish |
||
| 245 |
_aPractice and Procedure in Conveyancing / _cKF Court |
||
| 260 |
_aCape Town : _bJuta and Company Ltd, _c1946 |
||
| 300 |
_bxvii, 330 pages ; _c25 cm. |
||
| 650 |
_aLegal practice _bLaw |
||
| 942 |
_cBK _6ALISON_BN_VRIES |
||
| 999 |
_c381 _d381 |
||